000 00399nam a2200133Ia 4500
008 151001s9999||||xx |||||||||||||| ||und||
100 _aमनोहर चंपानेरकर
245 _aकोड्यात टाकणारी कोडी
250 _a1
260 _bजयदीप प्रकाशन पुणे
260 _c1994
300 _a63
365 _b21
999 _c970504
_d970501